00877nam a2200205Ia 4500008004100000100002400041245012100065245016400186260003900350260000900389300003300398440004300431650002400474650001600498650001100514650002100525856003400546999001900580952007200599190511s9999 xx 000 0 und d aMiller, Adam Bryant aDimensions of deprivation and threat, psychopathology, and potential mediators: A milti-year longitudinal analysis / cAdam Bryant Miller, Margaret A. Sheridan, Jamie L. Hanson, Katie A. McLaughlin, John E. Bates, Jennifer E. Lansford, Gregory S. Pettit, and Kenneth A. Dodge.-- bAmerican Psychological Association c2018 aPages 160-170, February 2018 aJournal of Abnormal Psychologyv127(2) aChildhood adversity aDeprivation aThreat aVerbal abilities uwww.apa.org/pubs/journals/abn c361851d361851 001040aCLbCLd2019-05-11l0r2019-05-11 00:00:00w2019-05-11ySE